000 01158nam a2200469Ia 4500
001 133324
003 225043
005 20250219122623.0
008 ||||||n9999 ||| || ||
082 _a248.22
100 _aCerteau, Michel de
_9161937
245 0 _aEl lugar del otro
_bhistoria religiosa y mística
_cMichel de Certeau ; traducido por Víctor Goldstein
250 _aedición establecida por Luce Giard
504 _aIncluye bibliografía e índice de nombres
562 _e1
650 0 _aCristianismo
_91731
650 _aFILOSOFÍA DE LA RELIGIÓN
_9155938
650 _aIGLESIA CATÓLICA--HISTORIA
_9161939
650 _aMISTICISMO
_9154554
650 _aVIDA RELIGIOSA
_9130476
942 _cBKM
999 _c133324
_d133324
526 _a
526 _a17598
526 _a102617
526 _a102618
526 _a15794
526 _a102619
526 _a1703
526 _a102620
526 _a10406
526 _a105630
526 _a1698
526 _a116204
526 _a51868
526 _a4969
526 _a19790
526 _a104436
526 _a5144
526 _a1697
526 _a3899
526 _a9683